00375nam a22001337a 450000500170000000800410001704100120005808200130007010000130008324500400009626000540013630000250019065000260021520240712060137.0240712b |||||||| |||| 00| 0 eng d aEnglish a349 PRE  lEnglish  aPrentice Hall Weekly Legal Service  aDurban: bPrentice Hall Service (Pty) Ltd, c1967 b115 pages; c26 cm.  aLegal practice bLaw